| 000 | 00477nam a2200169Ia 4500 | ||
|---|---|---|---|
| 008 | 210716s2005 xx 000 0 und d | ||
| 020 | _a8178814501 | ||
| 041 | _aeng | ||
| 082 | _a332.6 SEEK | ||
| 100 | _aSeethapathi, K. | ||
| 245 |
_aTreasury and risk management: emerging trends. _bEmerging trends. |
||
| 250 | _a1 | ||
| 260 |
_aHyderabad _bICFAI University Press _c2005 |
||
| 300 | _aviii,160 | ||
| 650 | _aInvestment-Capital Market(332.6) | ||
| 700 | _aSeethapathi, K. | ||
| 999 |
_c199649 _d199649 |
||